<?xml version="1.0" encoding="UTF-8"?>
<record
    xmlns:xsi="http://www.w3.org/2001/XMLSchema-instance"
    xsi:schemaLocation="http://www.loc.gov/MARC21/slim http://www.loc.gov/standards/marcxml/schema/MARC21slim.xsd"
    xmlns="http://www.loc.gov/MARC21/slim">

  <leader>01706nam a2200265   4500</leader>
  <datafield tag="999" ind1=" " ind2=" ">
    <subfield code="c">96725</subfield>
    <subfield code="d">96725</subfield>
  </datafield>
  <controlfield tag="003">NALT</controlfield>
  <controlfield tag="005">20240111112509.0</controlfield>
  <controlfield tag="008">200220b        th ||||| |||| 00| 0 tha d</controlfield>
  <datafield tag="040" ind1=" " ind2=" ">
    <subfield code="a">NALT</subfield>
  </datafield>
  <datafield tag="050" ind1=" " ind2=" ">
    <subfield code="a">HJ 2162.55.Z7R4</subfield>
    <subfield code="b">&#xE2D;846&#xE01; 2562</subfield>
  </datafield>
  <datafield tag="100" ind1="0" ind2=" ">
    <subfield code="a">&#xE2D;&#xE38;&#xE21;&#xE32;&#xE1E;&#xE23; &#xE1A;&#xE36;&#xE07;&#xE21;&#xE38;&#xE21;</subfield>
    <subfield code="9">19516</subfield>
  </datafield>
  <datafield tag="245" ind1="1" ind2="0">
    <subfield code="a">&#xE01;&#xE32;&#xE23;&#xE28;&#xE36;&#xE01;&#xE29;&#xE32;&#xE01;&#xE32;&#xE23;&#xE08;&#xE31;&#xE14;&#xE01;&#xE32;&#xE23;&#xE07;&#xE1A;&#xE1B;&#xE23;&#xE30;&#xE21;&#xE32;&#xE13;&#xE41;&#xE25;&#xE30;&#xE15;&#xE34;&#xE14;&#xE15;&#xE32;&#xE21;&#xE1C;&#xE25;&#xE01;&#xE32;&#xE23;&#xE14;&#xE33;&#xE40;&#xE19;&#xE34;&#xE19;&#xE07;&#xE32;&#xE19;&#xE01;&#xE23;&#xE21;&#xE01;&#xE32;&#xE23;&#xE02;&#xE49;&#xE32;&#xE27; &#xE1B;&#xE35;&#xE07;&#xE1A;&#xE1B;&#xE23;&#xE30;&#xE21;&#xE32;&#xE13; &#xE1E;.&#xE28;. 2558-2562 /</subfield>
    <subfield code="c">&#xE2D;&#xE38;&#xE21;&#xE32;&#xE1E;&#xE23; &#xE1A;&#xE36;&#xE07;&#xE21;&#xE38;&#xE21;.</subfield>
  </datafield>
  <datafield tag="246" ind1="3" ind2="0">
    <subfield code="a">&#xE23;&#xE32;&#xE22;&#xE07;&#xE32;&#xE19;&#xE27;&#xE34;&#xE0A;&#xE32;&#xE01;&#xE32;&#xE23;&#xE2A;&#xE33;&#xE19;&#xE31;&#xE01;&#xE07;&#xE1A;&#xE1B;&#xE23;&#xE30;&#xE21;&#xE32;&#xE13;&#xE02;&#xE2D;&#xE07;&#xE23;&#xE31;&#xE10;&#xE2A;&#xE20;&#xE32; &#xE09;&#xE1A;&#xE31;&#xE1A;&#xE17;&#xE35;&#xE48; 11/2562</subfield>
  </datafield>
  <datafield tag="250" ind1=" " ind2=" ">
    <subfield code="a">&#xE1E;&#xE34;&#xE21;&#xE1E;&#xE4C;&#xE04;&#xE23;&#xE31;&#xE49;&#xE07;&#xE17;&#xE35;&#xE48;&#xE49; 1</subfield>
  </datafield>
  <datafield tag="260" ind1=" " ind2=" ">
    <subfield code="a">&#xE01;&#xE23;&#xE38;&#xE07;&#xE40;&#xE17;&#xE1E;&#xE2F; :</subfield>
    <subfield code="b">&#xE2A;&#xE33;&#xE19;&#xE31;&#xE01;&#xE01;&#xE32;&#xE23;&#xE1E;&#xE34;&#xE21;&#xE1E;&#xE4C; &#xE2A;&#xE33;&#xE19;&#xE31;&#xE01;&#xE07;&#xE32;&#xE19;&#xE40;&#xE25;&#xE02;&#xE32;&#xE18;&#xE34;&#xE01;&#xE32;&#xE23;&#xE2A;&#xE20;&#xE32;&#xE1C;&#xE39;&#xE49;&#xE41;&#xE17;&#xE19;&#xE23;&#xE32;&#xE29;&#xE0E;&#xE23;,</subfield>
    <subfield code="c">2562.</subfield>
  </datafield>
  <datafield tag="300" ind1=" " ind2=" ">
    <subfield code="a">133 &#xE2B;&#xE19;&#xE49;&#xE32; :</subfield>
    <subfield code="b">&#xE20;&#xE32;&#xE1E;&#xE1B;&#xE23;&#xE30;&#xE01;&#xE2D;&#xE1A;, &#xE15;&#xE32;&#xE23;&#xE32;&#xE07; ;</subfield>
    <subfield code="c">29 &#xE0B;&#xE21;.</subfield>
  </datafield>
  <datafield tag="610" ind1="2" ind2="4">
    <subfield code="9">43763</subfield>
    <subfield code="a">&#xE01;&#xE23;&#xE21;&#xE01;&#xE32;&#xE23;&#xE02;&#xE49;&#xE32;&#xE27;</subfield>
    <subfield code="x">&#xE1C;&#xE25;&#xE07;&#xE32;&#xE19;</subfield>
  </datafield>
  <datafield tag="650" ind1=" " ind2="4">
    <subfield code="9">6237</subfield>
    <subfield code="a">&#xE02;&#xE49;&#xE32;&#xE27; </subfield>
    <subfield code="x">&#xE19;&#xE42;&#xE22;&#xE1A;&#xE32;&#xE22;&#xE02;&#xE2D;&#xE07;&#xE23;&#xE31;&#xE10; </subfield>
    <subfield code="z">&#xE44;&#xE17;&#xE22;</subfield>
  </datafield>
  <datafield tag="650" ind1=" " ind2="0">
    <subfield code="a">&#xE07;&#xE1A;&#xE1B;&#xE23;&#xE30;&#xE21;&#xE32;&#xE13;</subfield>
    <subfield code="x">&#xE04;&#xE48;&#xE32;&#xE43;&#xE0A;&#xE49;&#xE08;&#xE48;&#xE32;&#xE22;</subfield>
    <subfield code="9">43764</subfield>
  </datafield>
  <datafield tag="710" ind1="2" ind2=" ">
    <subfield code="a">&#xE2A;&#xE33;&#xE19;&#xE31;&#xE01;&#xE07;&#xE32;&#xE19;&#xE40;&#xE25;&#xE02;&#xE32;&#xE18;&#xE34;&#xE01;&#xE32;&#xE23;&#xE2A;&#xE20;&#xE32;&#xE1C;&#xE39;&#xE49;&#xE41;&#xE17;&#xE19;&#xE23;&#xE32;&#xE29;&#xE0E;&#xE23;. </subfield>
    <subfield code="b">&#xE2A;&#xE33;&#xE19;&#xE31;&#xE01;&#xE07;&#xE1A;&#xE1B;&#xE23;&#xE30;&#xE21;&#xE32;&#xE13;&#xE02;&#xE2D;&#xE07;&#xE23;&#xE31;&#xE10;&#xE2A;&#xE20;&#xE32;</subfield>
    <subfield code="9">3737</subfield>
  </datafield>
  <datafield tag="850" ind1=" " ind2=" ">
    <subfield code="a">NALT</subfield>
  </datafield>
  <datafield tag="942" ind1=" " ind2=" ">
    <subfield code="c">RSH</subfield>
    <subfield code="2">lcc</subfield>
  </datafield>
  <datafield tag="998" ind1=" " ind2=" ">
    <subfield code="a">bijaya</subfield>
    <subfield code="b">phon</subfield>
    <subfield code="c">phon</subfield>
    <subfield code="j">180</subfield>
    <subfield code="k"> &#xE0A;&#xE27;&#xE19;&#xE1E;&#xE34;&#xE0A;&#xE0D;&#xE4C; &#xE23;&#xE31;&#xE15;&#xE19;&#xE32;&#xE44;&#xE1E;&#xE1A;&#xE39;&#xE25;&#xE22;&#xE4C;</subfield>
  </datafield>
  <datafield tag="952" ind1=" " ind2=" ">
    <subfield code="0">0</subfield>
    <subfield code="1">0</subfield>
    <subfield code="2">lcc</subfield>
    <subfield code="4">0</subfield>
    <subfield code="7">0</subfield>
    <subfield code="8">CRSH</subfield>
    <subfield code="a">NALT</subfield>
    <subfield code="b">NALT</subfield>
    <subfield code="d">2020-02-20</subfield>
    <subfield code="l">0</subfield>
    <subfield code="o">&#xE27; HJ 2162.55.Z7R4 &#xE2D;846&#xE01; 2562</subfield>
    <subfield code="p">3961210278</subfield>
    <subfield code="r">2020-05-18 00:00:00</subfield>
    <subfield code="t">&#xE09;.2</subfield>
    <subfield code="w">2020-02-20</subfield>
    <subfield code="y">RSH</subfield>
  </datafield>
  <datafield tag="952" ind1=" " ind2=" ">
    <subfield code="0">0</subfield>
    <subfield code="1">0</subfield>
    <subfield code="2">lcc</subfield>
    <subfield code="4">0</subfield>
    <subfield code="7">0</subfield>
    <subfield code="8">CRSH</subfield>
    <subfield code="a">NALT</subfield>
    <subfield code="b">NALT</subfield>
    <subfield code="d">2020-02-26</subfield>
    <subfield code="l">1</subfield>
    <subfield code="m">1</subfield>
    <subfield code="o">&#xE27; HJ 2162.55.Z7R4 &#xE2D;846&#xE01; 2562</subfield>
    <subfield code="p">3961210277</subfield>
    <subfield code="r">2023-02-16 00:00:00</subfield>
    <subfield code="s">2023-02-03</subfield>
    <subfield code="t">&#xE09;.1</subfield>
    <subfield code="w">2020-02-26</subfield>
    <subfield code="y">RSH</subfield>
  </datafield>
</record>
